000 00323cam a22001217a 4500
008 180718b1935 xxu||||| |||| 00| 0 eng d
082 _aL238x42 M896
100 _aMuirhead, James F.
245 _aLand and unemployment
_cby James F. Muirhead
260 _aLondon
_bOUP
_c1935
300 _a211p.
650 _aSingle Tax - U.K.
999 _c374622
_d374622